The Cinnamon Bun Book Store / Laurie Gilmore.
Available copies
- 3 of 5 copies available at LARL/NWRL Consortium.
- 1 of 2 copies available at Lake Agassiz Regional Library. (Show preferred library)
Current holds
0 current holds with 5 total copies.
Show Only Available Copies
| Location | Call Number / Copy Notes | Barcode | Shelving Location | Status | Due Date |
|---|---|---|---|---|---|
| Detroit Lakes Public Library | GIL (Text) | 33500014125595 | Main | Available | - |
| Moorhead Public Library | GIL (Text) | 33500014125603 | Main | Checked out | 06/02/2026 |
| Godel Memorial-Warren Library | GIL (Text) | 35500006906463 | Main | Available | - |
| Warroad Public Library | GIL (Text) | 35500006833279 | Main | Checked out | 05/19/2026 |
| Warroad Public Library | GIL (Text) | 35500006834517 | Main | Available | - |
Record details
- ISBN: 9780008641580
- ISBN: 0008641587
- Physical Description: 367 pages ; 20 cm.
- Publisher: London : One More Chapter, 2024.
Content descriptions
| General Note: | "All it takes is a little bit of sugar and spice"--cover. Includes excerpt from The Christmas tree farm. |
| Summary, etc.: | When a secret message turns up hidden in a book in ... Read More |
Search for related items by subject
| Subject: | Bookstores > Fiction. Secrecy > Fiction. Man-woman relationships > Fiction. |
| Genre: | Romance fiction. Cozy mysteries. |
Search for related items by series
| LDR | 01953cam a2200361Ma 4500 | ||
|---|---|---|---|
| 001 | 450165 | ||
| 003 | LARL_NWRL_CONSORTIUM | ||
| 005 | 20250409143728.0 | ||
| 008 | 240911s2024 enk g 000 1 eng d | ||
| 040 | . | ‡aDUD ‡beng ‡cDUD ‡dOCLCO ‡dIEB | |
| 020 | . | ‡a9780008641580 ‡q(trade paperback) | |
| 020 | . | ‡a0008641587 ‡q(trade paperback) | |
| 035 | . | ‡a(OCoLC)1461009459 | |
| 100 | 1 | . | ‡aGilmore, Laurie. |
| 245 | 1 | 4. | ‡aThe Cinnamon Bun Book Store / ‡cLaurie Gilmore. |
| 246 | 3 | . | ‡aCinnamon bun bookstore |
| 260 | . | ‡aLondon : ‡bOne More Chapter, ‡c2024. | |
| 300 | . | ‡a367 pages ; ‡c20 cm. | |
| 490 | 0 | . | ‡aDream Harbor ; ‡v2 |
| 500 | . | ‡a"All it takes is a little bit of sugar and spice"--cover. | |
| 500 | . | ‡aIncludes excerpt from The Christmas tree farm. | |
| 520 | . | ‡aWhen a secret message turns up hidden in a book in the Cinnamon Bun Book Store, Hazel can't understand it. As more secret codes appear between the pages, she decides to follow the trail of clues. She just need someone to help her out. Gorgeous and outgoing fisherman, Noah, is always up for an adventure. And a scavenger hunt sounds like a lot of fun. Even better that the cute bookseller he's been crushing on for months is the one who wants his help! Hazel didn't go looking for romance, but as the treasure hunt leads her and Noah around Dream Harbor, their undeniable chemistry might be just as hot as the fresh-out-of-the-oven cinnamon buns the bookstore sells. | |
| 650 | 0. | ‡aBookstores ‡vFiction. | |
| 650 | 0. | ‡aSecrecy ‡vFiction. ‡0(LARL_NWRL_CONSORTIUM)167261 | |
| 650 | 0. | ‡aMan-woman relationships ‡vFiction. ‡0(LARL_NWRL_CONSORTIUM)165985 | |
| 655 | 7. | ‡aRomance fiction. ‡2lcgft | |
| 655 | 7. | ‡aCozy mysteries. ‡2lcgft | |
| 901 | . | ‡a450165 ‡bAUTOGEN ‡c450165 ‡tbiblio | |

Add to basket
Permalink
Disable Highlighting